Principios de justicia civil

Bibliographic Details
Main Author: Ezurmendia ℓlvarez, Jess︢
Format: eBook
Language:Spanish
Published: Barcelona: J.M. Bosch Editor, 2022
Subjects:
Online Access:Acceso restringido

MARC

LEADER 00000nam a22000007a 4500
005 2022083102142.0
007 cr|||| ||||
008 220831s2022 es |||||s|||| 00||0 spa d
020 |a 978-84-19045-15-7 
035 |a 36325 
040 |a vLex 
090 |c 13863  |d 13863 
100 1 |a Ezurmendia ℓlvarez, Jess︢ 
245 1 0 |a Principios de justicia civil  |h [Recurso electrn̤ico] /  |c Jess︢ Ezurmendia ℓlvarez 
256 |a Servicio en ln̕ea 
260 |a Barcelona:  |b J.M. Bosch Editor,  |c 2022 
300 |a 1 recurso electrn̤ico 
506 1 |a Disponible solo en los productos indicados  |d vLex Global  |d vLex Global (Academic Edition, excluding Law Schools)  |d vLex Global (U.S. Academic Edition, Law Schools)  |d vLex Global (U.S. Academic Edition, excluding Law Schools)  |d vLex Global (Academic Edition, Law Schools) 
650 0 4 |a Derecho Civil  |z Espaą 
650 0 4 |a Derecho Procesal  |z Espaą 
740 0 |a vLex Libros (Servicio en ln̕ea) 
856 4 0 |u https://app.vlex.com/#/sources/36325  |z Acceso restringido 
942 |c BOOK 
999 0 |a Civil Law 
999 0 |a Procedural Law